| 000 | 00379nam a2200145Ia 4500 | ||
|---|---|---|---|
| 008 | 230917s9999||||xx |||||||||||||| ||und|| | ||
| 040 |
_e101081 _aMAIN |
||
| 041 | _aEnglish | ||
| 082 | _a658.3 P916P | ||
| 100 | _aPrem Kumar, ed. | ||
| 245 | 0 | _aPersonnel management and industrial relations | |
| 260 |
_aNew Delhi _bAnmol Publications _c2003 |
||
| 300 | _a312 p. | ||
| 942 | _cBK | ||
| 999 |
_c109919 _d109919 |
||